000 00493nam a2200169Ia 4500
999 _c28203
_d28203
003 OSt
005 20210101111730.0
008 190216s9999||||xx |||||||||||||| ||und||
040 _coclc
082 _a894.8121
_bNAM/S
100 _aNambiar, Kunchan
_97530
245 0 _aSyamanthakam (Ottanthullal) /
_cKunchan Nambiar
260 _bPoorna Publications,
_aKozhikode:
300 _a156p
650 _aOttan Thullal
942 _cBK
_2ddc
_h894.8121
_iNAM/S
_k894.8121
_mNAM/S